| 000 | 00724nam a2200217Ii 4500 | ||
|---|---|---|---|
| 003 | JO-AjNU | ||
| 008 | 230606s9999||||xx |||||||||||||| ||und|| | ||
| 020 | _a978-0-470-39078-8 | ||
| 040 |
_aJO-AjNU _beng _erda _cJO-AjNU |
||
| 041 | _aeng | ||
| 050 | 1 | 4 | _aHJ9801.G7 2011 |
| 100 | 3 |
_aGranof , Michael H, _eauthor _9433 |
|
| 245 | 0 | 0 | _aGovernment and Not-for-Profit Accounting : Concepts and Practices |
| 250 | _a5th ed | ||
| 264 | 3 | 1 | _aUnited States of America: John Wiley andSons,2011 |
| 300 |
_a802p _bIncludes glossary indexes(p765-802) |
||
| 336 |
_atext _btxt _2rdacontent |
||
| 337 |
_aunmediated _bn _2rdamedia |
||
| 338 |
_avolume _bnc _2rdacarrier |
||
| 650 | 4 |
_aFinance , Public- United States - Accounting _9434 |
|
| 999 |
_aE231 _c231 _d231 |
||